000 00571nam a2200205Ia 4500
005 20250508165857.0
008 008 250505s9999 xx 000 0 eng d
020 _a978-1-316-64154-5
037 _aReference
040 _aFEDL
_beng
_cFEDL
041 _aeng
_2eng
084 _a122, ARI/RR
_qFEDL
100 _aArif Ahmed
_9596676
245 0 _aEvidence, decision and causality
260 _aCambridge
_bCambridge University Press
_c2014
300 _aix, 250p.
365 _aGBP
_b19.99
942 _cREF
_h122, ARI/RR
999 _c1397961
_d1397961